| 000 | 00515nam a22001577a 4500 | ||
|---|---|---|---|
| 008 | 160407b xxu||||| |||| 00| 0 eng d | ||
| 020 | _a978-81-207-5735-6 | ||
| 082 |
_22011 _aDC 005.276 _bM66 |
||
| 100 |
_94910 _aMinhas, Davinder Singh |
||
| 245 |
_aDrag and drop: _bHTML/ _cDavinder Singh Minhas. |
||
| 260 |
_aNew Delhi: _bSterling Publishers PVT. LTD., _cc2011. |
||
| 300 |
_a40 pages: _bcolor illustrations; _c28 cm. |
||
| 650 | 0 |
_94913 _aHTML (Document markup language) |
|
| 365 |
_b210.00 _cPhp |
||
| 942 |
_2ddc _cDC |
||
| 999 |
_c1576 _d1576 |
||